Co-operative audit (Record no. 92389)

MARC details
000 -LEADER
fixed length control field 00481nam a2200169Ia 4500
008 - FIXED-LENGTH DATA ELEMENTS--GENERAL INFORMATION
fixed length control field 230125s9999 xx 000 0 und d
041 ## - LANGUAGE CODE
Language code of text/sound track or separate title eng
082 ## - DEWEY DECIMAL CLASSIFICATION NUMBER
Classification number 657.45
Item number WAN
100 ## - MAIN ENTRY--PERSONAL NAME
Personal name Wandkar D V
9 (RLIN) 114805
245 ## - TITLE STATEMENT
Title Co-operative audit
Remainder of title CDC&A : Government Diploma in Co-Operation & Accountancy
260 ## - PUBLICATION, DISTRIBUTION, ETC. (IMPRINT)
Date of publication, distribution, etc. 2003
Name of publisher, distributor, etc. Pragati publications
Place of publication, distribution, etc. Pune
300 ## - PHYSICAL DESCRIPTION
Extent 155p
500 ## - GENERAL NOTE
Keywords Co-operative societies
650 ## - SUBJECT ADDED ENTRY--TOPICAL TERM
Topical term or geographic name as entry element General
700 ## - ADDED ENTRY--PERSONAL NAME
Personal name Wandkar D V
9 (RLIN) 114805
Holdings
Withdrawn status Lost status Damaged status Not for loan Home library Current library Date acquired Vendor Full call number Barcode Date last seen Bill Date Koha item type Original Barcode
        Smt. Hiraben Nanavati Institute of Management & Research for Women Smt. Hiraben Nanavati Institute of Management & Research for Women 25/11/2005 Satya Gilani 657.45 WAN DB0971 HIMR-DB-971 25/01/2023 19/11/2005 Donated Book DB0971